000 01092nam a22002897a 4500
001 BRCA_9404
003 FranzMayer
005 20230918125335.0
008 230904b |||||||| |||| 00| 0 eng d
020 _a8387730599
040 _aMFM
_bESPAÑOL
_cMFM
050 0 _aN7417.3
_bS53
110 1 _4Responsable
_aSkarby Muzeum
_929564
240 _aThe Mystic Middle Ages
_hMistyczne Sredniowiecze
_lInglés/Polaco
245 0 _aThe Mystic Middle Ages
_bMistyczne Sredniowiecze
260 _aPolonia
_bBosz
300 _a159 p
_bilustraciones a color
_c31 cm
500 _aAnexo 1
500 _aEl libro contiene una pequeña tarjeta de la embajada de Polonia en México
500 _aEl libro no tiene visible o localizable el año de publicación
505 _aTexto en: inglés y polacoDirigido a: artistas e historiadores del arte
650 1 _2Artes visuales
_aPeriodos artisticos
_vCorrientes artisticas
_929565
651 2 _2Polonia
_aEdad media
_vArte polaco
_929566
700 1 _4Fot.
_aSamulik, Kryztof
_929567
700 1 _4Trad
_aHolzman, Joanna
_929568
942 _2lcc
_cB
999 _c11026
_d11026